| 000 | 00303 a2200121 4500 | ||
|---|---|---|---|
| 999 |
_c322937 _d322937 |
||
| 001 | 87864 | ||
| 003 | NUST | ||
| 005 | 20180124143015.0 | ||
| 008 | 180124b xxu||||| |||| 00| 0 eng d | ||
| 082 | _a954.91 GRE | ||
| 100 |
_aGreenbergs,Robert _99712 |
||
| 245 |
_aA Historical Atlas of Pakistan _hEnglish |
||
| 260 |
_aNew York _bRosen Pub Company _c2003 |
||
| 300 | _a64p | ||
| 942 |
_aCAE NUST _cBK _k954.91 GRE _2ddc |
||